Les Vainqueurs connus des Hunger Games - Statistiques

Statistiques générales
  • Ce quiz a été pris 71 fois
  • Le résultat moyen est 13 sur 23
Statistiques - réponses
District Hunger Games remportés Vainqueur % Correct
District Douze 74èmes Katniss Everdeen
100%
District Douze 74èmes Peeta Mellark
98%
District Douze 50èmes Haymitch Abernathy
93%
District Quatre 65èmes Finnick Odair
90%
District Trois 34èmes Beetee Latier
83%
District Sept 71èmes Johanna Mason
83%
District Douze 10èmes Lucy Gray Bird
83%
District Trois 49èmes Wiress
81%
District Quatre 11èmes Mags Flanagan
79%
District Quatre 70èmes Annie Cresta
78%
District Un 64èmes Cashmere
60%
District Deux 62èmes Enobaria
60%
District Deux Inconnu Brutus
59%
District Un 63èmes Gloss
53%
District Onze 45èmes Chaff
47%
District Onze Inconnu Seeder
40%
District Sept Inconnu Blight
36%
District Huit Inconnu Cecelia
36%
District Huit Inconnu Woof
29%
District Un 67èmes Augustus Braun
10%
District Deux Inconnu Lyme
10%
District Cinq 38èmes Porter Millicent Tripp
10%
District Un 46èmes Palladium Barker
9%
Aucun quiz correspondant
Distribution des résultats
% des personnes avec chaque résultat
Percentile par nombre de réponses
Votre historique - résultats
Vous n’avez pas pris ce quiz